| 000 | 005850000a22002050004500 | ||
|---|---|---|---|
| 003 | LK-CoMWRAF | ||
| 005 | 20231215140323.0 | ||
| 008 | 230817t1986 ||||| |||| 00| 0 eng d | ||
| 040 |
_aLK-CoMWRAF _dLK-CoMWRAF _eLK-CoMWRAF |
||
| 041 | _aeng | ||
| 082 |
_a346.54 _bHAK |
||
| 100 | _aHaksar, Nandita | ||
| 245 | _aDemystification of law for women | ||
| 260 |
_aNew Delhi: _bLancer Press, _c1986 |
||
| 300 | _a112 p. : ill. ; 22 cm. | ||
| 650 | _aWomen -- Legal status, laws, - India | ||
| 650 | _aWomen -- India -- Social conditions | ||
| 700 |
_aSingh, Anju _eills. |
||
| 942 | _cBK | ||
| 999 |
_c1885 _d1885 |
||